Bu Hangi Film? - Statistics

General Stats
  • This quiz has been taken 9 655 times
  • The average score is 11 of 15
Answer Stats
Film ismi Tam İsmi % Correct
Hızlı ve Öfkeli
99%
Yüzüklerin Efendisi
95%
Güldür Güldür
95%
Hababam Sınıfı
95%
Harry Potter
94%
Çok güzel hareketler
87%
Aşkı memnu
85%
Jurassic park
83%
Yukarı Bak
76%
Müzede bir gece
70%
Oyuncak hikayesi
68%
John Wick
61%
Avengers Endgame
53%
Sevimli Canavarlar Üniversitesi
30%
Hint Dizisi Masum
6%
No matching quizzes found
Score Distribution
Percent of People with Each Score
Percentile by Number Answered
Your Score History
You have not taken this quiz